000 00286nam a22000977a 4500
005 20250901165323.0
008 210310b ||||| |||| 00| 0 eng d
050 _aTL693
245 _aTHE AIR PILOT'S MANUAL VOLUME 7 RADIOTELEPHONY
_cPOOLEY'S
942 _2lcc
_hTL693 .C33 2013
999 _c2095
_d2095